Countries that Search Austria the Most - Statistics

General Stats
  • This quiz has been taken 19 times
  • The average score is 9 of 10
Answer Stats
Google Trend Score Answer % Correct
3 Croatia
100%
4 Germany
100%
2 Serbia
100%
4 Slovakia
100%
4 Slovenia
100%
4 Switzerland
100%
3 Czech Republic
94%
3 Hungary
94%
2 Bosnia and Herzegovina
78%
2 Netherlands
72%
No matching quizzes found
Score Distribution
Percent of People with Each Score
Percentile by Number Answered
Your Score History
You have not taken this quiz